[Event "OP-2021-0-05179"]
[Site "LSS email"]
[Date "2021.08.25"]
[Round "?"]
[White "Belyaev, Ivan"]
[Black "Wuttke, Bodo"]
[Result "0-1"]
[WhiteElo "800"]
[BlackElo "1949"]
[PlyCount "42"]
[EventDate "2021.08.20"]
[EventType "tourn (corr)"]
[EventRounds "4"]
[EventCountry "GER"]
[SourceTitle "Corr 2024"]
[Source "ChessBase"]
[SourceDate "2023.10.19"]
[SourceVersion "1"]
[SourceVersionDate "2023.10.19"]
[SourceQuality "1"]

1. e4 e6 2. Nc3 d5 3. d4 Nf6 4. e5 Nfd7 5. Qg4 c5 6. Nb5 cxd4 7. Nf3 Nc6 8. Nd6+ Bxd6 9. Qxg7 Bxe5 10. Nxe5 Qf6 11. Qxf6 Nxf6 12. Nxc6 bxc6 13. Bf4 Ke7 14. Be5 c5 15. b4 cxb4 16. Bxd4 Bb7 17. Bc5+ Kd7 18. Bxb4 Rhc8 19. Bd3 a5 20. Bd2 Ba6 21. Ke2 Rxc2 0-1